| АИС "Историко-культурное наследие Беларуси" | ||
| Базовый | Расширенный | Профессиональный | Словарь персоналий | Тематический словарь | По видам объектов | История запросов Заказы | Регистрация | |
Запись в MARC-формате
| копировать MARC-запись |
=LDR 00000nx\\c2200193\\\45\\
=001 BY-NLB-ar3277208
=005 20160330095632.7
=100 \\$a20090907arusy50\\\\\\ca0
=152 \\$apsbo
=160 \\$ae-bw
=215 \\$aКостел Матери Божией Остробрамской (Язно, деревня; Миорский район)
=300 1\$aОснован в 1926 г. в отданном под костел частном доме. В 1948 г. был закрыт.
=356 \\$aНаходился в деревне Язно Миорского района Витебской области.
=415 \\$aКостел Пресвятой Матери Божией Остробрамской
=515 \\$5w$3BY-NLB-ar3277214$aКасцёл Маці Божай Вастрабрамскай (Язна, вёска; Міёрскі раён)
=801 \0$aBY$bBY-HM0000$c20090907
=810 \\$aКулагін, А. М. Каталіцкія храмы Беларусі. — Мн., 2008.
=856 4\$uhttp://www.radzima.org/be/pub/7469_p/addimg/$zСайт "Radzima.org, 2002-2009".
=999 \\$f375$t20090907
Чтобы вернуться назад, щелкните кнопку BACK на Вашем браузере